| 000 | 00632cam a22001337a 4500 | ||
|---|---|---|---|
| 008 | 180718b1959 xxu||||| |||| 00| 0 eng d | ||
| 082 | _aB835x42 Un3r/59m/13-15 | ||
| 100 | _aUnited Kingdom. Royal Commission on Local Government in Greater London | ||
| 245 |
_aRoyal Commission on local government in Greater London: minutes of evidence 13-15, thirteenth day, thursday, 30th April 1959, fourteenth day, friday, Ist May 1959, fifteenth day th _cursday, 7th May 1959 |
||
| 260 |
_aLondon _bHer Majesty's Stationery Office _c1959 |
||
| 300 | _aP478-550 | ||
| 500 | _aBound with B835x42 Un3r/59m/1-26 | ||
| 700 | _aHerbert, Edward, Chairman | ||
| 999 |
_c392856 _d392856 |
||